| 000 | 00974ntm a2200229 i 4500 | ||
|---|---|---|---|
| 001 | 112320 | ||
| 003 | ES-MaACL | ||
| 005 | 20250622053046.0 | ||
| 007 | t| | ||
| 008 | 061121s1930 sp |||| | spa d | ||
| 100 | 1 |
_aOrtega y Gasset, Eduardo, _d1882-1964 _987502 |
|
| 245 | 1 | 0 |
_aNuestros deberes ante la reconstrucción de la legalidad en España _b: Sección de Ciencias Morales y Políticas, memoria reglamentaria / _cleída por Eduardo Ortega y Gasset en la sesión pública celebrada el día 1º de junio de 1930. |
| 260 |
_a[Madrid : _bs.n.], _c1930. |
||
| 300 |
_a29 h. ; _c27 cm. |
||
| 500 | _aEjemplar mecanografiado. | ||
| 610 | 2 | 4 |
_aAteneo de Madrid. _bSección de Ciencias Morales y Políticas- _vMemorias. _91986 |
| 651 | 4 |
_aEspaña- _xHistoria- _y1902-1931, Alfonso XIII _98276 |
|
| 710 | 2 |
_aAteneo de Madrid. _bSección de Ciencias Morales y Políticas _91985 |
|
| 852 |
_aES-MaACL _jArmario 18 _dOlim: 1763-F-21 |
||
| 942 | _2udc | ||
| 999 |
_c112320 _d112320 |
||